Analogové a hybridní počítače

Na minha lista:
Detalhes bibliográficos
Formato: Livro
Idioma:tcheco
Publicado em: Praha : SNTL, 1971
Edição:2.preprac.vyd.
Tags: Adicionar Tag
Sem tags, seja o primeiro a adicionar uma tag!

MARC

LEADER 00000nam a22000003a 4500
001 stu33562
005 20141122060131.6
008 981103s1971------------------------cze-d
040 |a STU  |b slo 
041 0 |a cze 
080 |a 681.33/.34 
245 |a Analogové a hybridní počítače 
250 |a 2.preprac.vyd. 
260 |a Praha :  |b SNTL,  |c 1971 
300 |a 75 s 
996 |b 284EK05112  |c E*30099  |l EE01  |s A  |a 24  |w stu33562_0001 
996 |b 284EK05111  |c E*30098  |l EE0101  |s P  |a 0  |w stu33562_0004 
996 |b E27734  |c E*27734  |l EE15  |s P  |a 0  |w stu33562_0007